| 000 | 01546nam a2200373 4500 | ||
|---|---|---|---|
| 001 | 59609 | ||
| 003 | CO-BoRNBP | ||
| 005 | 20251024145310.0 | ||
| 007 | ta | ||
| 008 | 250204s2024 ck a|||br|||| 00| j spa d | ||
| 020 | _a9786289647815 | ||
| 040 |
_aCO-BoRNBP _bspa _erda _cCO-BoRNBP |
||
| 041 | 0 | _aspa | |
| 043 | _an-mx--- | ||
| 084 | _aC | ||
| 100 |
_aBecerril Silva, Emiliano _eaut _966032 |
||
| 245 | 1 | 0 |
_aVitiligo / _cEmiliano Becerril Silva ; ilustraciones Julia Reyes Retana C. ; prólogo de Andrea Fuentes Silva. |
| 250 | _aEdición especial | ||
| 264 | 1 |
_aBogotá, Colombia : _bSaga Libros, _c2024 |
|
| 300 |
_a60 páginas sin numerar : _bilustraciones a color |
||
| 336 |
_atexto _btxt _2rdacontenido |
||
| 337 |
_asin mediación _bn _2rdamedio |
||
| 338 |
_avolumen _bnc _2rdasoporte |
||
| 520 | _aEste libro es un paseo botánico que honra al acto de la escucha, a la gente mayor, a las abuelas, a las infancias, a las plantas y a la diversidad en el más amplio sentido del término, y por supuesto, a la piel | ||
| 521 | _aRecomendado para un público infantil a partir de los 6 años | ||
| 650 | 0 | 7 |
_aAutofecundación en la literatura _2lemb _965656 |
| 650 | 0 | 4 |
_aCuentos infantiles mexicanos _ySiglo XX _2LEMB _964281 |
| 650 | 0 | 7 |
_aNaturaleza en literatura _2lemb _966033 |
| 650 | 0 | 7 |
_aTrastornos de la pigmentación en la literatura _2lemb _966034 |
| 650 | 0 | 4 |
_aLiteratura infantil mexicana _2LEMB _92461 |
| 700 |
_aFuentes Silva, Andrea _ewfw _966035 |
||
| 700 |
_aReyes Retana, Julia _eill _966036 |
||
| 942 |
_2loc _cBKLITI _n0 |
||
| 999 |
_c59609 _d59609 |
||